High fidelity sound reproductions /

Bibliographic Details
Main Author: Molloy, Edward
Format: Book
Language:English
Published: London : G. Newnes, [1959]
Subjects:

MARC

Tag First Indicator Second Indicator Subfields
LEADER 00000cam a2200000 4500
001 in00000041438
005 20151007072613.0
008 800606s1959 enka b 00000 eng d
035 |a (OCoLC)06394419 
035 |9 AAE8202AM 
040 |a TXA  |c TXA  |d UtOrBLW 
049 |a TXAM  |c [292042] 
090 |a TK7882.H5  |b M56 1959 
092 |a 621.3818  |b M727h, 1959 
100 1 |a Molloy, Edward. 
245 1 0 |a High fidelity sound reproductions /  |c with an introd. by H. J. Leak. Contributors: P. D. Collings-Wells [and others]. 
264 1 |a London :  |b G. Newnes,  |c [1959] 
300 |a xii, 200 pages :  |b illustrations ;  |c 23 cm. 
336 |a text  |b txt  |2 rdacontent 
337 |a unmediated  |b n  |2 rdamedia 
338 |a volume  |b nc  |2 rdacarrier 
504 |a Includes bibliographies. 
650 0 |a High-fidelity sound systems. 
999 |a MARS 
999 f f |s b38166ee-6a24-3389-b2b7-82548594b744  |i 72b2d57e-5ee3-3b5e-8f8e-d13d31942116  |t 0 
952 f f |p ric  |a Texas A&M University  |b Rellis Campus  |c Joint Library Facility  |d Remote Storage  |t 0  |e TK7882.H5 M56 1959  |h Library of Congress classification  |i unmediated -- volume  |m A14801037879 
998 f f |a TK7882.H5 M56 1959  |t 0  |l Remote Storage